banner koha

Utilizacao de lagoas de estabilizacao no tratamento de esgotos domesticos no nordeste do Brasil.- Utilization of stabilizing lagoons for treating domestic sewage in Brazil`s northeastern region (Registro n. 320738)

MARC details
000 -LÍDER
campo de controle de tamanho fixo 01111naa a22002657a 4500
001 - NÚMERO DE CONTROLE
campo de controle BR8903794
003 - IDENTIFICADOR DO NÚMERO DE CONTROLE
campo de controle BR-BrBNA
005 - DATA E HORÁRIO DA ÚLTIMA TRANSAÇÃO
campo de controle 20240918180514.0
007 - CAMPO FIXO DE DESCRIÇÃO FÍSICA--INFORMAÇÃO GERAL
campo de controle de tamanho fixo ta
008 - CAMPO DE DADOS FIXOS--INFORMAÇÃO GERAL
campo de controle de tamanho fixo 230509b bl.||||| |||| 00| 0 por d
040 ## - FONTE DA CATALOGAÇÃO
Instituição da catalogação original BR-BrBNA
Idioma da catalogação por
Instituição que transcreveu o registro Biblioteca Nacional de Agricultura
041 ## - CÓDIGO DE IDIOMA
Código do idioma do texto/trilha sonora ou título diferente (En, Pt)
072 ## - CÓDIGO DE CATEGORIA DE ASSUNTO
Código de Categoria de Assunto N01
Código do objeto /G514
090 ## - NÚMERO DE CHAMADA LOCAL
Número de chamada N01 BR8903794
100 1# - ENTRADA PRINCIPAL--NOME PESSOAL
Nome pessoal Silva, S.A.
245 1# - TÍTULO
Título Utilizacao de lagoas de estabilizacao no tratamento de esgotos domesticos no nordeste do Brasil.- Utilization of stabilizing lagoons for treating domestic sewage in Brazil`s northeastern region
260 3# - PUBLICAÇÃO, DISTRIBUIÇÃO, ETC.
Local de publicação, distribuição, etc. Brasilia, DF (Brasil):
Data da publicação, distribuição, etc. 1985.
500 ## - NOTA GERAL
Nota geral Tecnologias apropriadas. Saneamento basico.- Appropriate technologies. Basic sanitation<br/>Brasilia, DF (Brasil): 1985. p. 58-88<br/>(BR8903794-AM)N01<br/>
650 ## - ASSUNTO--TERMO TÓPICO
Cabeçalho tópico ou nome geográfico TRATAMENTO DE ESGOTO
650 ## - ASSUNTO--TERMO TÓPICO
Cabeçalho tópico ou nome geográfico DRENAGEM
650 ## - ASSUNTO--TERMO TÓPICO
Cabeçalho tópico ou nome geográfico REGIAO NORDESTE
773 0# - ENTRADA ANALÍTICA
Título Tecnologias apropriadas. Saneamento basico.- Appropriate technologies. Basic sanitation
Número de controle do registro N01 BR8903794
Partes relacionadas Brasilia, DF (Brasil), 1985. p. 58-88
909 ## -
-- 202404
-- Lucia
-- 55
-- Lucia Elande
942 ## - ELEMENTOS DE ENTRADA ADICIONADOS (KOHA)
Tipo de material Koha Capítulo-Livro
Fonte da classificação ou esquema de arquivamento na estante Classificação AGRIS
Exemplares
Situação do descarte Fonte da classificação ou esquema de arquivamento na estante Situação física Não pode ser emprestado Coleção Biblioteca de origem Biblioteca atual Localização na estante Total de empréstimos Número de telefone completo Data de último acesso Número do exemplar Tipo de material Koha Situação das perdas Data de aquisição Fonte de aquisição
  Classificação AGRIS       Biblioteca Nacional de Agricultura - Binagri Biblioteca Nacional de Agricultura - Binagri Agrobase - Acervo Geral   N01 BR8903789 20/05/2024 01 Capítulo-Livro   2024-04-11 Portaria Interministerial nº 164/94

BINAGRI

Telefone: (61)3218-2567/2388/3357/2097 - binagri@agro.gov.br

Ministério da Agricultura e Pecuária , Esplanada dos Ministérios, Bloco D, Anexo B, Brasília/DF, CEP: 70.043-900